LEADER 01195nam0-2200385li-450 001 990000247980203316 005 20180312154631.0 010 $a0-14-022465-3 035 $a0024798 035 $aUSA010024798 035 $a(ALEPH)000024798USA01 035 $a0024798 100 $a20001109d1984----km-y0itay0103----ba 101 0 $aeng 102 $aGB 200 1 $a<> creative computer$emachine intelligence and human knowledge$fDonald Michie and Rory Johnston 210 $aHarmondsworth$cPenguin Books$dcopyr. 1984 215 $a262 p.$cill.$d22 cm 610 1 $aconoscenza 610 1 $aintelligenza artificiale 676 $a0063$9Intelligenza artificiale [precedent. 001.535] 700 1$aMichie,$bDonald$051861 702 1$aJohnston,$bRory 801 $aSistema bibliotecario di Ateneo dell' Università di Salerno$gRICA 912 $a990000247980203316 951 $a004 MIC$b0012556 959 $aBK 969 $aSCI 979 $c19901123 979 $c20001110$lUSA01$h1715 979 $aPATTY$b90$c20011116$lUSA01$h1146 979 $c20020403$lUSA01$h1633 979 $aPATRY$b90$c20040406$lUSA01$h1618 996 $aCreative computer$91489502 997 $aUNISA LEADER 01731oas 2200625 a 450 001 9910693474903321 005 20251105213014.0 011 $a1943-4251 035 $a(OCoLC)222259497 035 $a(CONSER) 2008230609 035 $a(CKB)1000000000429326 035 $a(EXLCZ)991000000000429326 100 $a20080411b20042008 ua b 101 0 $afre 135 $aur||||||||||| 181 $ctxt$2rdacontent 182 $cc$2rdamedia 183 $acr$2rdacarrier 200 00$aDjibouti, mise a? jour de la se?curite? alimentaire 210 $a[Washington, D.C.] $c[FEWS NET] 215 $avolumes $cdigital, PDF file 606 $aFood supply$zDjibouti$vPeriodicals 606 $aFamines$zDjibouti$vPeriodicals 606 $aFamines$2fast$3(OCoLC)fst00920590 606 $aFood supply$2fast$3(OCoLC)fst00931196 607 $aDjibouti$2fast$1https://id.oclc.org/worldcat/entity/E39PBJbWBJw4kXbwcRTpKyCWjC 608 $aPeriodicals.$2fast 608 $aPeriodicals.$2lcgft 615 0$aFood supply 615 0$aFamines 615 7$aFamines. 615 7$aFood supply. 676 $a363 712 02$aFamine Early Warning System Network 712 02$aUnited States.$bAgency for International Development. 801 0$bGPO 801 1$bGPO 801 2$bDLC 801 2$bGPO 801 2$bOCLCQ 801 2$bOCLCO 801 2$bOCLCA 801 2$bOCLCF 801 2$bOCLCO 801 2$bOCLCQ 801 2$bOCLCA 801 2$bGILDS 801 2$bOCLCA 801 2$bOCLCQ 801 2$bOCLCL 801 2$bOCLCQ 906 $aJOURNAL 912 $a9910693474903321 996 $aDjibouti, mise a? jour de la se?curite? alimentaire$93112200 997 $aUNINA